000 01552nam0a22003491 4500
001 RU\NLR\INFOCOMM_190\5000043912
005 20250613093322.0
035 _a(NLR Aleph) 009198626
090 _a8675509
_c8675509
100 _a20100419d1987 |||y0rusy50 ca
101 0 _aeng
_drus
102 _aRU
105 _ay ||||000|y
200 1 _aCondensate stability in the model of bose-gas with two- and three-particle interactions
_fKh. T. Kholmurodov, V. G. Makhankov
210 _aДубна
_cОбъед. ин-т ядер. исслед.
_d1987
215 _a4 с.
_d22 см
225 1 _aОбъединенный институт ядерных исследований, Дубна
_vЕ17-87-861
300 _aНа 3-й с. обл.: Устойчивость конденсата в рамках модели бозе-газа с двух- и трехчастичным взаимодействием / Холмуродов Х. Т., Маханьков В. Г.
300 _aРез. на рус. яз.
300 _a"Submitted to "Физика низких температур"
320 _aБиблиогр.: с. 4
606 _aБозе-газ
_2nlr_sh1
686 _aВ317.22
_2rubbk
700 1 _9z01790
_aCholmurodov
_bCh. T.
_gCholmizo Tagojkulovič
_4070
701 1 _9z02790
_aMachan'kov
_bV. G.
_gVladimir Grigor'evič
_4070
790 1 _9z01700
_aKholmurodov
_bKh. T.
_4070
790 1 _9z02701
_aMakhankov
_bV. G.
_4070
801 1 _aRU
_bNLR
_c20100419
801 0 _aRU
_bNLR
_gPSBO
852 _aNLR
_jФз01 Д-6/568
942 _cBOOK
980 _aNB